00772nam a2200229Ia 450000500170000000800410001702000160005804000190007404100120009308200190010524500850012426000400020930000300024950400220027965000180030165100630031970000220038285000100040494200070041499900160042195201050043720220705112437.0131103s9999 xx 000 0 und d a070690331 5 aLoreto College aEnglish a304.60954bBOS aPopulation in India's development 1947 - 2000cedited by Asish Bose ... [et al.] aDelhibVikas Publishing Housec1974 axix,437 p.b ill., tables aIncludes appendix aPopulation -  aFactors affecting social behaviour - Population - India -  4ed.aBose, Asish, aLCLIB cBK c1728d52207 00102ddc4070aMAINbMAINd2013-11-04l0o304.60954 BOS 22741pB2361r2013-11-04w2013-11-04yBKf